এস. ওয়াজেদ আলী রচনাবলী / (Record no. 49191)
[ view plain ]
| 000 -LEADER | |
|---|---|
| fixed length control field | 01047nam a2200253 a 4500 |
| 001 - CONTROL NUMBER | |
| control field | 49191 |
| 003 - CONTROL NUMBER IDENTIFIER | |
| rucl marc code | BD-RjUL |
| 005 - DATE AND TIME OF LATEST TRANSACTION | |
| control field | 20211209054640.0 |
| 008 - FIXED-LENGTH DATA ELEMENTS--GENERAL INFORMATION | |
| fixed length control field | 160818s1985 BG ||||| |||| 00| 0 ben d |
| 020 ## - INTERNATIONAL STANDARD BOOK NUMBER | |
| Terms of availability | : Tk. 150.00 |
| 035 ## - SYSTEM CONTROL NUMBER | |
| System control number | (BD-RjUL)49310 |
| 040 ## - CATALOGING SOURCE | |
| Original cataloging agency | BD-RjUL |
| Language of cataloging | ben |
| Transcribing agency | BD-RjUL |
| Modifying agency | BD-RjUL |
| 041 ## - LANGUAGE CODE | |
| Language code of text/sound track or separate title | ben |
| 082 ## - DEWEY DECIMAL CLASSIFICATION NUMBER | |
| Edition number | 23 |
| Classification number | 891.44408 |
| Author mark and year | ALA 1985 |
| 100 1# - MAIN ENTRY--PERSONAL NAME | |
| Personal name | আলী, এস. ওয়াজেদ |
| 9 (RLIN) | 146299 |
| 245 10 - TITLE STATEMENT | |
| Title | এস. ওয়াজেদ আলী রচনাবলী / |
| Statement of responsibility, etc. | সৈয়দ আকরাম হোসেন , সংগ্রহ ও সম্পাদক |
| 260 ## - PUBLICATION, DISTRIBUTION, ETC. (IMPRINT) | |
| Place of publication, distribution, etc. | ঢাকা : |
| Name of publisher, distributor, etc. | বাংলা একাডেমী, |
| Date of publication, distribution, etc. | ১৯৮৫ |
| 300 ## - PHYSICAL DESCRIPTION | |
| Pagination | খণ্ড. ; |
| Size | ২৫ সেমি. |
| 505 0# - FORMATTED CONTENTS NOTE | |
| Formatted contents note | খণ্ড. -২-- |
| 650 ## - SUBJECT ADDED ENTRY--TOPICAL TERM | |
| Topical term or geographic name as entry element | বাংলা প্রবন্ধ |
| 9 (RLIN) | 146300 |
| General subdivision | সংগ্রহ |
| Topical term or geographic name as entry element | Bengali Essay |
| 9 (RLIN) | 146301 |
| General subdivision | Collection |
| 700 ## - ADDED ENTRY--PERSONAL NAME | |
| Personal name | হোসেন, সৈয়দ আকরাম, সম্পাদক ও সংগ্রাহক |
| 942 ## - ADDED ENTRY ELEMENTS (KOHA) | |
| Source of classification or shelving scheme | Dewey Decimal Classification |
| Koha item type | Books |
| Lost status | Source of classification or shelving scheme | Damaged status | Not for loan | Collection code | Permanent Location | Current Location | Shelving location | Date acquired | Source of acquisition | Cost, normal purchase price | Total Checkouts | Full call number | Checked out | Date last seen | Date checked out | Copy number | Koha item type |
|---|---|---|---|---|---|---|---|---|---|---|---|---|---|---|---|---|---|
| Dewey Decimal Classification | Non-fiction | Central Library, University of Rajshahi | Central Library, University of Rajshahi | 26/06/1990 | Bangla Academy, Dhaka | 150.00 | 2 | B 891.44408 ALA 1985 | 10/05/2026 | 23/04/2026 | 23/04/2026 | C-2 | Books |